Los componentes nacional y extranjero en los materiales de construccion

সংরক্ষণ করুন:
গ্রন্থ-পঞ্জীর বিবরন
প্রধান লেখক: Fonseca Macrini, Ramiro Francisco
বিন্যাস: গবেষণাপত্র গ্রন্থ
ভাষা:Undetermined
প্রকাশিত: 1985
বিষয়গুলি:
ট্যাগগুলো: ট্যাগ যুক্ত করুন
কোনো ট্যাগ নেই, প্রথমজন হিসাবে ট্যাগ করুন!

MARC

LEADER 00000nam a2200000Ia 4500
001 2746
008 140114s9999 xx 000 0 und d
100 |a Fonseca Macrini, Ramiro Francisco 
245 |a Los componentes nacional y extranjero en los materiales de construccion 
260 |c 1985 
500 |a NULL 
502 |a Escuela de ingenieria Civil 
650 |z MATERIALES DE CONSTRUCCION 
999 |c 11639  |d 11639